Sports Quiz

Random Sports or City Quiz

IAAF Diamond League Cities 2016 Quiz Stats

 Plays Quiz not verified by Sporcle

Score 0/14 Timer 05:00
0 Plays Today
% Correct
London, UK
90.9%
Doha, Qatar
89.8%
Rome, Italy
88.6%
Saint-Denis, France
87.5%
Brussels, Belgium
83%
Birmingham, UK
72.7%
Zürich, Switzerland
69.3%
% Correct
Oslo, Norway
68.2%
Stockholm, Sweden
60.2%
Rabat, Morocco
58%
Fontvieille, Monaco
56.8%
Eugene, USA
54.5%
Shanghai, China
50%
Lausanne, Switzerland
45.5%

You're not logged in!

Compare scores with friends on all Sporcle quizzes.
Join for Free
OR
Log In

You Might Also Like...

Show Comments

Extras

Top Quizzes Today


Score Distribution

Your Account Isn't Verified!

In order to create a playlist on Sporcle, you need to verify the email address you used during registration. Go to your Sporcle Settings to finish the process.

Report this User

Report this user for behavior that violates our Community Guidelines.

Details: